Elementos de psicología normal y patológica
Gespeichert in:
| 1. Verfasser: | |
|---|---|
| Format: | Buch |
| Sprache: | Spanisch |
| Veröffentlicht: |
Santiago
Cervantes
1944
|
| Schriftenreihe: | Psicología, 1
|
| Schlagworte: | |
| Tags: |
Tag hinzufügen
Keine Tags, Fügen Sie den ersten Tag hinzu!
|
MARC
| LEADER | 00000nam a2200000 a 4500 | ||
|---|---|---|---|
| 001 | UCY6937 | ||
| 003 | CL-VaPUC | ||
| 008 | 950602e19440000CL |||||||||||||||||spa|d | ||
| 082 | 0 | 4 | |a 616.89 |b GAJ |2 21 |
| 100 | |a Gajardo C., Samuel |e autor |9 598979 | ||
| 245 | 1 | 0 | |a Elementos de psicología normal y patológica |
| 300 | |a 266 p | ||
| 942 | |c BK | ||
| 945 | |d 19950602 00:00:00 |a cmena | ||
| 260 | |a Santiago |b Cervantes |c 1944 | ||
| 650 | 0 | |a Psicología |9 257863 | |
| 650 | 7 | |a SENSACION |2 CL-VaPUC |9 334611 | |
| 650 | 7 | |a ESTIMULO |2 CL-VaPUC |9 334622 | |
| 650 | 0 | |a Memoria |9 266549 | |
| 650 | 0 | |a Imaginación |9 269378 | |
| 650 | 0 | |a Procesos mentales superiores |9 330839 | |
| 650 | 0 | |a Enfermedades mentales |9 310204 | |
| 650 | 7 | |a PSICOLOGIA GENETICA |2 CL-VaPUC |9 308771 | |
| 650 | 0 | |a Deficiencia mental |9 334734 | |
| 650 | 7 | |a TRASTORNOS PSICOSOMATICOS |2 CL-VaPUC |9 335790 | |
| 650 | 0 | |a Esquizofrenia |9 312163 | |
| 650 | 0 | |a Alcoholismo |9 259651 | |
| 650 | 0 | |a Inteligencia |9 267038 | |
| 650 | 7 | |a PSICOLOGIA AFECTIVA |2 CL-VaPUC |9 337146 | |
| 650 | 0 | |a Psicoanálisis |9 265702 | |
| 650 | 7 | |a PSICOTERAPIA |2 CL-VaPUC |9 337147 | |
| 583 | |a last modification |c 19950602 00:00:00 |k Rodrigo Vera | ||
| 490 | 0 | |a Psicología, 1 | |
| 999 | |c 234416 |d 234414 | ||
| 952 | |0 0 |1 0 |4 0 |6 616_890000000000000_GAJ_1944 |7 0 |8 P |9 240646 |a BIBEDU |b BIBEDU |c BIBEDU_PB |d 2019-11-18 |i 1513583 |o 616.89 GAJ 1944 |p 1513583 |r 2019-11-18 |w 2019-11-18 |y BK |k EDU | ||